000 00387nam a2200145Ia 4500
008 230312s9999||||xx |||||||||||||| ||und||
020 _a0-7153-0125-X
082 _a746.44
_bHAS-K
100 _aHasler;Hulie
245 0 _aKate Greenway: Cross Stitch Designs
260 _bDavid & Charles
_aUSA
_c1989
300 _a120
650 _aArchitecture
_vArchitecture/Art & Design
942 _cBK
999 _c11537
_d11537